<?xml version="1.0" encoding="UTF-8"?>
<record
    xmlns:xsi="http://www.w3.org/2001/XMLSchema-instance"
    xsi:schemaLocation="http://www.loc.gov/MARC21/slim http://www.loc.gov/standards/marcxml/schema/MARC21slim.xsd"
    xmlns="http://www.loc.gov/MARC21/slim">

  <leader>03943nam a22004214i 4500</leader>
  <controlfield tag="003">PE-LiUPU</controlfield>
  <controlfield tag="005">20260325144728.0</controlfield>
  <controlfield tag="008">190900s2018    pe a     b    000 0 spa d</controlfield>
  <datafield tag="035" ind1=" " ind2=" ">
    <subfield code="a">PE-LiUPU000002</subfield>
  </datafield>
  <datafield tag="040" ind1=" " ind2=" ">
    <subfield code="a">PE-LiUPU</subfield>
    <subfield code="b">spa</subfield>
    <subfield code="c">PE-LiUPU</subfield>
    <subfield code="e">rda</subfield>
  </datafield>
  <datafield tag="041" ind1="0" ind2=" ">
    <subfield code="a">spa</subfield>
  </datafield>
  <datafield tag="082" ind1="0" ind2="4">
    <subfield code="a">362.2</subfield>
    <subfield code="b">P471d</subfield>
    <subfield code="2">TP</subfield>
  </datafield>
  <datafield tag="110" ind1="2" ind2=" ">
    <subfield code="a">Per&#xFA;.</subfield>
    <subfield code="b">Defensor&#xED;a del Pueblo,</subfield>
    <subfield code="b">Programa de Defensa y Promoci&#xF3;n de los Derechos de las Personas con Discapacidad.</subfield>
    <subfield code="e">autor.</subfield>
  </datafield>
  <datafield tag="245" ind1="1" ind2="3">
    <subfield code="a">El derecho a la salud mental :</subfield>
    <subfield code="b">supervisi&#xF3;n de la implementaci&#xF3;n de la pol&#xED;tica p&#xFA;blica de atenci&#xF3;n comunitaria y el camino a la desinstitucionalizaci&#xF3;n /</subfield>
    <subfield code="c">[elaborado por el Programa de Defensa y Promoci&#xF3;n de los Derechos de las Personas con Discapacidad, integrado por Mar&#xED;a Isabel Le&#xF3;n Esteban, C&#xE9;sar Augusto Torres Acu&#xF1;a, Graciela Lucy Oroche Merma ... et al.].</subfield>
  </datafield>
  <datafield tag="264" ind1=" " ind2="1">
    <subfield code="a">Lima :</subfield>
    <subfield code="b">Defensor&#xED;a del Pueblo,</subfield>
    <subfield code="c">2018.</subfield>
  </datafield>
  <datafield tag="300" ind1=" " ind2=" ">
    <subfield code="a">229 p&#xE1;ginas :</subfield>
    <subfield code="b">ilustraciones ;</subfield>
    <subfield code="c">30 cm</subfield>
  </datafield>
  <datafield tag="336" ind1=" " ind2=" ">
    <subfield code="a">text</subfield>
    <subfield code="2">rdacontent</subfield>
  </datafield>
  <datafield tag="337" ind1=" " ind2=" ">
    <subfield code="a">unmediated</subfield>
    <subfield code="2">rdamedia</subfield>
  </datafield>
  <datafield tag="338" ind1=" " ind2=" ">
    <subfield code="a">volume</subfield>
    <subfield code="2">rdacarrier</subfield>
  </datafield>
  <datafield tag="490" ind1="0" ind2=" ">
    <subfield code="a">Informe defensorial ;</subfield>
    <subfield code="v">180</subfield>
  </datafield>
  <datafield tag="500" ind1=" " ind2=" ">
    <subfield code="a">Primera edici&#xF3;n: diciembre de 2018. Primera impresi&#xF3;n: septiembre de 2019.</subfield>
  </datafield>
  <datafield tag="504" ind1=" " ind2=" ">
    <subfield code="a">Incluye referencias bibliogr&#xE1;ficas.</subfield>
  </datafield>
  <datafield tag="505" ind1="0" ind2=" ">
    <subfield code="a">Marco de la supervisi&#xF3;n realizada por la Defensor&#xED;a del Pueblo -- Competencia de la Defensor&#xED;a del Pueblo -- Objetivo de la supervisi&#xF3;n -- Marco legal -- Componentes del derecho a la salud mental -- &#xC1;mbito de la supervisi&#xF3;n -- Metodolog&#xED;a aplicada -- Cumplimiento del deber de cooperaci&#xF3;n con la Defensor&#xED;a del Pueblo -- La salud mental en las pol&#xED;ticas p&#xFA;blicas -- El internamiento y la institucionalizaci&#xF3;n -- Marco internacional sobre internamientos -- Legislaci&#xF3;n nacional en salud mental -- Antecedentes -- Ley N&#xB0; 29889 -- Decreto Supremo N&#xB0; 033-2015-SA -- Norma t&#xE9;cnica de salud en centros de salud mental comunitario -- Legislaci&#xF3;n sobre personas con adicciones -- Pol&#xED;tica p&#xFA;blica en salud mental en el Per&#xFA; -- Organizaci&#xF3;n -- Presupuesto para la implementaci&#xF3;n de las pol&#xED;ticas en salud mental -- Disponibilidad y acceso a la atenci&#xF3;n en salud mental -- Oferta de servicios en salud mental -- Servicios en redes de atenci&#xF3;n comunitaria del MINSA -- Centros de salud mental comunitario -- Unidades de hospitalizaci&#xF3;n de salud mental y adicciones -- Hospitales psiqui&#xE1;tricos del Ministerio de Salud -- Hogares protegidos -- Servicios en EsSalud -- Sistema de referencia y contrarreferencia -- Disponibilidad de medicamentos -- Petitorio nacional &#xFA;nico de medicamentos esenciales -- Personal para la atenci&#xF3;n en salud mental -- Seguro Integral de Salud -- Adaptabilidad y calidad en la atenci&#xF3;n en salud mental -- Internamiento, institucionalizaci&#xF3;n y desinstitucionalizaci&#xF3;n -- Consentimiento informado -- Condiciones de internamiento -- Terapia electroconvulsiva -- Percepci&#xF3;n de usuarios -- Situaci&#xF3;n de personas declaradas inimputables con medida de seguridad de internamiento -- Marco normativo -- Resultados de la supervisi&#xF3;n.</subfield>
  </datafield>
  <datafield tag="650" ind1="1" ind2="8">
    <subfield code="a">Servicios de salud mental</subfield>
    <subfield code="z">Per&#xFA;</subfield>
    <subfield code="x">Evaluaci&#xF3;n</subfield>
    <subfield code="9">8270</subfield>
  </datafield>
  <datafield tag="650" ind1="1" ind2="0">
    <subfield code="a">Pol&#xED;tica de salud mental</subfield>
    <subfield code="z">Per&#xFA;</subfield>
    <subfield code="x">Evaluaci&#xF3;n</subfield>
    <subfield code="9">8271</subfield>
  </datafield>
  <datafield tag="650" ind1="1" ind2="0">
    <subfield code="a">Derecho a la salud p&#xFA;blica</subfield>
    <subfield code="z">Per&#xFA;</subfield>
    <subfield code="9">8272</subfield>
  </datafield>
  <datafield tag="650" ind1="1" ind2="8">
    <subfield code="a">Salud mental</subfield>
    <subfield code="x">Pol&#xED;ticas p&#xFA;blicas</subfield>
    <subfield code="z">Per&#xFA;.</subfield>
  </datafield>
  <datafield tag="650" ind1="1" ind2="8">
    <subfield code="a">Servicios de salud mental</subfield>
    <subfield code="z">Per&#xFA;.</subfield>
  </datafield>
  <datafield tag="650" ind1="1" ind2="8">
    <subfield code="a">Derechos humanos</subfield>
    <subfield code="x">Salud mental.</subfield>
  </datafield>
  <datafield tag="650" ind1="1" ind2="8">
    <subfield code="a">Personas con discapacidad</subfield>
    <subfield code="x">Derechos.</subfield>
  </datafield>
  <datafield tag="651" ind1=" " ind2="4">
    <subfield code="a">Per&#xFA;</subfield>
    <subfield code="x">Pol&#xED;tica social.</subfield>
  </datafield>
  <datafield tag="700" ind1=" " ind2=" ">
    <subfield code="a">Le&#xF3;n Esteban, Mar&#xED;a Isabel,</subfield>
    <subfield code="d">1974-</subfield>
    <subfield code="e">elaborador.</subfield>
    <subfield code="9">8273</subfield>
  </datafield>
  <datafield tag="700" ind1=" " ind2=" ">
    <subfield code="a">Torres Acu&#xF1;a, C&#xE9;sar Augusto,</subfield>
    <subfield code="d">1972-</subfield>
    <subfield code="e">elaborador.</subfield>
    <subfield code="9">8274</subfield>
  </datafield>
  <datafield tag="700" ind1=" " ind2=" ">
    <subfield code="a">Oroche Merma, Graciela Lucy,</subfield>
    <subfield code="d">1975-</subfield>
    <subfield code="e">elaboradora.</subfield>
    <subfield code="9">8275</subfield>
  </datafield>
  <datafield tag="710" ind1=" " ind2=" ">
    <subfield code="a">Mecanismo Independiente para la Convenci&#xF3;n sobre los Derechos de las Personas con Discapacidad (Per&#xFA;),</subfield>
    <subfield code="e">colaborador.</subfield>
    <subfield code="9">8276</subfield>
  </datafield>
  <datafield tag="942" ind1=" " ind2=" ">
    <subfield code="2">ddc</subfield>
    <subfield code="c">BK</subfield>
  </datafield>
  <datafield tag="980" ind1=" " ind2=" ">
    <subfield code="6">18228</subfield>
    <subfield code="a">Rebeca Esther Huerta Leyton</subfield>
    <subfield code="8">18226</subfield>
    <subfield code="g">Jaime Vilcaz&#xE1;n Jefe de An&#xE1;lisis Documental</subfield>
  </datafield>
  <datafield tag="999" ind1=" " ind2=" ">
    <subfield code="c">63325</subfield>
    <subfield code="d">63324</subfield>
  </datafield>
  <datafield tag="952" ind1=" " ind2=" ">
    <subfield code="r">2026-03-31 16:40:37</subfield>
    <subfield code="l">0</subfield>
    <subfield code="o">362.2 P471d</subfield>
    <subfield code="p">83130</subfield>
    <subfield code="t">e1</subfield>
    <subfield code="v">25.00</subfield>
    <subfield code="w">2026-03-25</subfield>
    <subfield code="x">FACIHED</subfield>
    <subfield code="y">BK</subfield>
    <subfield code="1">0</subfield>
    <subfield code="2">ddc</subfield>
    <subfield code="5">0</subfield>
    <subfield code="7">0</subfield>
    <subfield code="8">GEN</subfield>
    <subfield code="f">P143</subfield>
    <subfield code="a">BUL</subfield>
    <subfield code="b">BUL</subfield>
    <subfield code="c">GEN</subfield>
    <subfield code="d">2026-02-12</subfield>
    <subfield code="e">Donaci&#xF3;n, Jhon Eden Rosario Campos</subfield>
  </datafield>
</record>
